Bilecik Bilecik Bilecik Bilecik Bilecik

Olasılık/ (Record no. 51420)

MARC details
000 -BAŞLIK
Sabit Uzunluktaki Kontrol Alanı 01190nam a22003857a 4500
001 - KONTROL NUMARASI
Control Dosyası 0051600
003 - KONTROL NUMARASI KİMLİĞİ
Kontrol Alanı KOHA_MİRAKIL
005 - EN SON İŞLEM TARİHİ ve ZAMANI
Kontrol Alanı 20260207003811.0
007 - FİZİKSEL TANIM SABİT ALAN - GENEL BİLGİ
Sabit uzunluklu kontrol alanı ta
008 - SABİT UZUNLUKTAKİ VERİ ÖGELERİ - GENEL BİLGİ
Sabit Alan 150629b2013 tu a|||gr||||#||||0|tur |
020 ## - ISBN - ULUSLARARASI STANDART KİTAP NUMARASI
Isbn 9786051336107
040 ## - KATALOGLAMA KAYNAĞI
Özgün Kataloglama Kurumu TR-BiSEU
Kataloglama Dili tur
Çeviri Kurumu TR-BiSEU
Açıklama Kuralları rda
041 0# - DİL KODU
Metin ya da ses kaydının dil kodu tur
044 ## - YAYINLAYAN/ÜRETEN KURULUŞUN ÜLKE KODU
ISO country code tu
050 ## - SINIFLAMA ve YER NUMARASI
Sınıflama Numarası QA273.25
Yer Numarası .L57 2013
100 1# - KİŞİ ADI
Yazar Adı (Kişi adı) Lipschutz, Seymour.
245 1# - ESER ADI BİLDİRİMİ
Başlık Olasılık/
Sorumluluk Bildirimi Seymour Lipschutz ; Seymour Lipschutz, Marc Lipson ; çeviri editörü Tahir Khaniyev (Hanalioğlu).
250 ## - BASIM BİLDİRİMİ
Basım Bildirimi 2. Basımdan Çeviri
264 #1 - ÜRERİM, YAYIN, DAĞITIM ve TELİF BİLDİRİMİ
Yayın yeri Ankara :
Yayınlayan Nobel
Yayın tarihi 2013
300 ## - FİZİKSEL TANIMLAMA
Sayfa, Cilt vb. VI, 311 sayfa :
Diğer fiziki detaylar resimli ;
Boyutları 28 cm.
336 ## - İÇERİK TÜRÜ
Content type term metin
Content type code txt
Source rdacontent
337 ## - MEDYA TÜRÜ
Media type term aracısız
Media type code n
Source rdamedia
338 ## - TAŞIYICI TÜRÜ
Carrier type term cilt
Carrier type code nc
Source rdacarrier
490 1# - DİZİ BİLDİRİMİ
Dizi Bildirimi Nobel ;
Cilt Numarası yayın nu.
490 1# - DİZİ BİLDİRİMİ
Dizi Bildirimi 709.
490 1# - DİZİ BİLDİRİMİ
Dizi Bildirimi Teknik mühendislik ;
Cilt Numarası nu.
490 1# - DİZİ BİLDİRİMİ
Dizi Bildirimi 61.
650 #0 - KONU BAŞLIĞI EK GİRİŞ - KONU TERİMİ
Konusal terim veya coğrafi ad Olasılık--Problemler, alıştırmalar, vb.
9 (RLIN) 96081
650 #0 - KONU BAŞLIĞI EK GİRİŞ - KONU TERİMİ
Konusal terim veya coğrafi ad Probabilities--Problems, exercises, etc.
9 (RLIN) 96082
830 1# - SERİ EK GİRİŞİ - TEKBİÇİM ESER ADI
Tekbiçim Başlık Nobel ;
Volume number/sequential designation yayın nu.
9 (RLIN) 1846
830 1# - SERİ EK GİRİŞİ - TEKBİÇİM ESER ADI
Tekbiçim Başlık 709.
9 (RLIN) 96083
830 1# - SERİ EK GİRİŞİ - TEKBİÇİM ESER ADI
Tekbiçim Başlık Teknik mühendislik ;
Volume number/sequential designation nu.
9 (RLIN) 95257
830 1# - SERİ EK GİRİŞİ - TEKBİÇİM ESER ADI
Tekbiçim Başlık 61.
9 (RLIN) 6986
942 ## - EK GİRİŞ ÖGELERİ (KOHA)
Source of classification or shelving scheme Library of Congress Classification
Koha item type Book
Holdings
Materyal Türü Kalıcı Konum Mevcut Konum Raf Yeri Sınıflandırma Kaynağı Edinim Bilgisi Ana Konular Alt Konular Yer Numarası Demirbaş Numarası Fatura Tarihi Maliyet, Alış Fiyatı Maliyet, Yenileme Fiyatı Geri Çekilme Durumu Kayıp Durumu Hasarlı Durumu Kredi için değil Kayıt Tarih Toplam Ödünçverme Son Görülme Tarihi Son Kontrol Tarihi Satın Alma Notu
Book Prof. Dr. Azmi Özcan Kütüphanesi Prof. Dr. Azmi Özcan Kütüphanesi Birûni Salonu Library of Congress Classification Satın BİLİM Matematik QA273.25 .L57 2013 0051600 07/07/2015 15.51 15.51         29/06/2015 19 05/12/2024 05/12/2024 B-984687 - B-984797